000 01955nam a22002657a 4500
003 URS
005 20240416181810.0
008 240311b |||||||| |||| 00| 0 eng d
050 0 0 _aLG 221.R59 B4375
_b2014
100 _aBenitez, Christian T.
_eResearcher
245 _aFEASIBILITY STUDY IN ESTABLISHING JAC'S TOASTED SIOPAO IN SAN JOSE, RODRIGUEZ RIZAL
_cJulie Ann L. Lelis; Jonalie P. Paderanga
264 1 _c2015
300 _axiii, 15 leaves
_billustrations
_c28 cm
336 _2rdacontent
_atext
337 _2rdamedia
_aunmediated
338 _2rdacarrier
_avolume
502 _aUndergraduate Feasibility Study
_bBachelor of Science in Business Administration Major in Marketing Management
_cUniversity of Rizal System, Rodriguez, Rizal
_d2014
520 _aJAC'S Toasted Siopao" As service merchandising business, belongs to food" industry, which is a top fast-growing industry in the Philippines. Business engaged in this industry is capable of supplying much of food, providing a large scale with standard ingredients and standard cooking and production method. And as the demand increases for ready to eat foods, potential customers seeking for firms that can produce for wanted products. These customers had no lots of options for the manufacturer with small karinderias, stalls, and fast foods chains in order for them to eat. And carrying the name of those famous food service will cost them higher. The competition in this industry is not too stiff. Lit is somehow limited by zonal factors because customers now looking for new variety of siopao that are near to them within the city, thus competitions exist just among the stores of certain zones.
650 _2Feasibility Study
700 _aJulie Ann L. Lelis
_eResearcher
700 _aJonalie P. Paderanga
_eResearcher
700 _aMichael L. Protacio
_eAdviser
856 _3Online Request for Student Unpublished Works
_uhttps://forms.gle/7LqvGGkaDrUQqz429
942 _2lcc
_cT
999 _c77967
_d77966